000 00380nam a2200157Ia 4500
003 Ost
005 20260225132559.0
008 260225s9999||||xx |||||||||||||| ||und||
040 _cfsic
041 _afre
082 _a302.23
100 _aRezig Abdelouahab
_eAuteur
245 0 _aLeçons D'Histoire de l' Analyse Economique /
245 0 _cRezig Abdelouahab
942 _cكتاب
999 _c34634
_d34634